[Event "Coppa del Mondo FIDE 2025"]
[Site "Goa"]
[Date "04.11.2025"]
[Round "1A"]
[White "Gurel, Ediz"]
[Black "Svane, Frederik"]
[Result "1/2-1/2"]
[WhiteElo "2631"]
[BlackElo "2643"]
[EventDate "2025.11.01"]
[EventType "k.o."]

1. e4 e5 2. Nc3 Nf6 3. Bc4 Bc5 4. d3 O-O 5. f4 d5 6. Nxd5 Be6 7. Nf3 Bxd5
8. Bxd5 Nxd5 9. exd5 Qxd5 10. fxe5 Nc6 11. c3 Nxe5 12. d4 Nxf3+ 13. Qxf3
Qxf3 14. gxf3 Rfe8+ 15. Kf2 Bd6 16. Bd2 f5 17. h4 c5 18. Rhe1 cxd4 19. cxd4
Kf7 20. Rxe8 Rxe8 21. Rc1 Ke6 22. Ke3 Be7 23. h5 Bf6 24. Kd3 Rd8 25. Be3 g6
26. hxg6 hxg6 27. Rh1 Rh8 28. Rxh8 Bxh8 29. Kc4 Bf6 30. d5+ Kd7 31. Bxa7
Bxb2 32. Be3 Bf6 33. f4 Bd8 34. a4 Kd6 35. Bd2 Bb6 36. Bb4+ Kd7 37. Bc5 Bd8
38. Be3 Kd6 39. Bc1 Bc7 40. Be3 1/2-1/2

[Event "Coppa del Mondo FIDE 2025"]
[Site "Goa"]
[Date "05.11.2025"]
[Round "1B"]
[White "Nogerbek, Kazybek"]
[Black "Gukesh, D"]
[Result "0-1"]
[WhiteElo "2543"]
[BlackElo "2752"]
[EventDate "2025.11.01"]
[EventType "k.o."]

1. e4 c6 2. d4 d5 3. exd5 cxd5 4. Bd3 Nc6 5. c3 Qc7 6. h3 e6 7. Nf3 Bd6 8.
O-O Nge7 9. Re1 O-O 10. b3 a6 11. Ba3 Ng6 12. Bxd6 Qxd6 13. Bxg6 hxg6 14.
Ne5 Ne7 15. h4 f6 16. Nd3 Bd7 17. Nd2 Rac8 18. Rc1 Rc7 19. Nf3 Rfc8 20. Qd2
Be8 21. g3 Bf7 22. Kg2 Nf5 23. Re2 a5 24. Qe1 Rc6 25. Rec2 b6 26. Qd2 Qc7
27. Nf4 b5 28. Nd3 Nd6 29. Qe3 Nf5 30. Qd2 Nd6 31. Qe3 Qa7 32. Nc5 e5 33.
b4 e4 34. Nh2 Nc4 35. Qe2 Na3 36. Rb2 Nc4 37. Rbc2 f5 38. f4 axb4 39. cxb4
Qa3 40. Nf1 Qxb4 41. Qf2 Ra8 42. Rc3 Qa5 43. R3c2 Qd8 44. Nb3 Rca6 45. Re2
b4 46. Rcc2 Be8 47. Qe1 Qb6 48. Rf2 Ra3 49. Ne3 Nxe3+ 50. Qxe3 Bb5 51. Rb2
Bd3 52. Qe1 Qb5 53. Kh2 Qc4 54. Qe3 Qc3 55. Qd2 Bc4 56. Qd1 e3 57. Rfc2 e2
58. Rxe2 Bxe2 59. Qxe2 Qxb2 0-1

[Event "Coppa del Mondo FIDE 2025"]
[Site "Goa"]
[Date "05.11.2025"]
[Round "1B"]
[White "Erigaisi, Arjun"]
[Black "Petrov, Martin"]
[Result "1-0"]
[WhiteElo "2773"]
[BlackElo "2540"]
[EventDate "2025.11.01"]
[EventType "k.o."]

1. c4 Nf6 2. Nc3 e5 3. Nf3 Nc6 4. d4 exd4 5. Nxd4 Bb4 6. g3 Bxc3+ 7. bxc3
Na5 8. e4 Nxe4 9. Bg2 Nf6 10. Qe2+ Qe7 11. Qxe7+ Kxe7 12. c5 d5 13. cxd6+
cxd6 14. Rb1 Bd7 15. O-O Bc6 16. Re1+ Kd8 17. Bxc6 bxc6 18. Nf5 Re8 19. Rd1
Nd5 20. Nxd6 Re6 21. Nb7+ Nxb7 22. c4 Nd6 23. cxd5 cxd5 24. Bf4 Ke7 25.
Rxd5 Rd8 26. Be3 Ke8 27. Bxa7 Ra8 28. Rb8+ Rxb8 29. Bxb8 Nc4 30. Rc5 Rb6
31. Ba7 Rb4 32. Rc7 Ne5 33. Re7+ Kxe7 34. Bc5+ Ke6 35. Bxb4 g5 36. f4 gxf4
37. gxf4 Nc6 38. Bd2 Kd5 39. Kf2 f5 40. Ke3 Kc4 41. a4 Ne7 42. a5 Nd5+ 43.
Kf3 Kb5 44. Kg3 Nf6 45. Kh4 Ng4 46. h3 Nf2 47. Be3 Ne4 48. Bb6 1-0

[Event "Coppa del Mondo FIDE 2025"]
[Site "Goa"]
[Date "05.11.2025"]
[Round "1B"]
[White "Kuybokarov, Temur"]
[Black "Praggnanandhaa, R"]
[Result "1/2-1/2"]
[WhiteElo "2535"]
[BlackElo "2771"]
[EventDate "2025.11.01"]
[EventType "k.o."]

1. e4 d6 2. d4 Nf6 3. Nc3 g6 4. Nf3 Bg7 5. Bg5 O-O 6. e5 Nfd7 7. Qe2 f6 8.
exf6 exf6 9. Be3 Nb6 10. O-O-O d5 11. Qd2 Nc6 12. Bh6 Bf5 13. Bxg7 Kxg7 14.
Qf4 Qd7 15. Bb5 a6 16. Bxc6 Qxc6 17. g4 Be6 18. h4 Nc4 19. Nd2 Qd6 20. Qf3
Nxd2 21. Rxd2 Rae8 22. Re2 Bf7 23. Rhe1 c6 24. Rxe8 Rxe8 25. Rxe8 Bxe8 26.
Qe3 Bd7 27. g5 Kf7 28. Na4 Bf5 29. f4 a5 30. a3 h6 31. gxh6 Kg8 32. Nc3 Kh7
33. Ne2 Be4 34. Qh3 Bf5 35. Qe3 Be4 36. Qh3 Qe7 37. c3 Bf5 38. Qf3 Be4 39.
Qh3 Bf5 40. Qf3 Qe6 41. Kd2 Be4 42. Qe3 Qg4 43. Qg3 Qf5 44. Qe3 Qg4 45. Qg3
Qd7 46. Qe3 Qg4 1/2-1/2

[Event "Coppa del Mondo FIDE 2025"]
[Site "Goa"]
[Date "05.11.2025"]
[Round "1B"]
[White "Giri, Anish"]
[Black "Maksimovic, Bojan"]
[Result "1-0"]
[WhiteElo "2759"]
[BlackElo "2532"]
[EventDate "2025.11.01"]
[EventType "k.o."]

1. e4 e6 2. d4 d5 3. Nc3 Bb4 4. e5 c5 5. a3 Bxc3+ 6. bxc3 Nc6 7. Qg4 g6 8.
Qf4 Qa5 9. Bd2 c4 10. a4 h6 11. h4 Rh7 12. Ne2 Bd7 13. g4 O-O-O 14. Bh3 Kb8
15. Bc1 Ka8 16. Ba3 Re8 17. Kd2 Qd8 18. g5 h5 19. Rhb1 Nge7 20. Qf3 Nc8 21.
Qh1 Nb8 22. f4 Bxa4 23. f5 gxf5 24. Nf4 Bc6 25. Bg2 Ne7 26. Bxe7 Qxe7 27.
Bf3 Reh8 28. Qc1 a6 29. Qb2 Nd7 30. Qb4 Qf8 31. Qa5 Qc8 32. Ke3 Rg7 33. Rb2
Ka7 34. Kf2 Qb8 35. Rba2 Qc8 36. Rb2 Qb8 37. Rab1 Qd8 38. Qb4 Qc7 39. Qe7
Rhh7 40. Nxh5 Rxh5 41. Bxh5 Rh7 42. Bxf7 Rxh4 43. Bxe6 Rf4+ 44. Ke2 Re4+
45. Kd2 Qa5 46. Bxd7 Rxd4+ 47. Kc1 Qxc3 48. Qc5+ 1-0

[Event "Coppa del Mondo FIDE 2025"]
[Site "Goa"]
[Date "05.11.2025"]
[Round "1B"]
[White "Stremavicius, Titas"]
[Black "So, Wesley"]
[Result "1-0"]
[WhiteElo "2531"]
[BlackElo "2756"]
[EventDate "2025.11.01"]
[EventType "k.o."]

1. d4 d5 2. Nf3 Nf6 3. c4 e6 4. Nc3 Be7 5. cxd5 exd5 6. Bf4 c6 7. h3 Qb6 8.
Qc2 g6 9. e3 Bf5 10. Qc1 O-O 11. g4 Be4 12. Be2 Nbd7 13. O-O Bxf3 14. Bxf3
Qd8 15. Qc2 Ne8 16. e4 dxe4 17. Bxe4 Ndf6 18. Rad1 Nc7 19. Bg2 Qd7 20. Qb3
Ncd5 21. Be5 Rfe8 22. g5 Nxc3 23. gxf6 Nxd1 24. fxe7 Nxf2 25. Bf6 Rxe7 26.
Bxe7 Qxe7 27. Rxf2 Rd8 28. d5 cxd5 29. Bxd5 Qg5+ 30. Bg2 Rd7 31. Qc3 Qe7
32. Rf1 b6 33. Re1 Qd8 34. Qe5 Rd1 35. Rxd1 Qxd1+ 36. Kh2 h5 37. a3 h4 38.
Qe8+ Kg7 39. Qe3 Kg8 40. Qf2 Qd8 41. Kg1 Qg5 42. Qd4 Qg3 43. Kf1 Kh7 44.
Qc3 Qg5 45. Bc6 Qe7 46. Bf3 Qd6 47. Be2 Qf4+ 48. Ke1 f5 49. Kd1 Kh6 50. Qd2
Kg5 51. Bb5 Qxd2+ 52. Kxd2 Kf4 53. Be8 g5 54. Bd7 g4 55. hxg4 fxg4 56. Ke2
g3 57. Bc6 Ke5 58. Ke3 h3 59. Bd7 h2 60. Bc6 Kd6 61. Bg2 Kc5 62. b3 a5 63.
Kd3 b5 64. Bf3 Kd6 65. Kd4 Ke6 66. Be4 Kf6 67. Kd5 Kg5 68. Ke5 Kg4 69. Bg2
Kg5 70. a4 b4 71. Ke4 Kg4 1-0

[Event "Coppa del Mondo FIDE 2025"]
[Site "Goa"]
[Date "05.11.2025"]
[Round "1B"]
[White "Keymer, Vincent"]
[Black "Kovalev, Vladislav"]
[Result "1-0"]
[WhiteElo "2755"]
[BlackElo "2557"]
[EventDate "2025.11.01"]
[EventType "k.o."]

1. Nf3 d5 2. g3 Nd7 3. d4 Nb6 4. Nc3 Bf5 5. Nh4 e6 6. Nxf5 exf5 7. Qd3 g6
8. Bg2 c6 9. f3 Bg7 10. b3 Qf6 11. e3 h5 12. h4 f4 13. gxf4 Ne7 14. Ne2 Nf5
15. e4 Nxh4 16. Bh3 c5 17. e5 Qc6 18. dxc5 Qxc5 19. a4 Rd8 20. a5 Na8 21.
Ra4 a6 22. Nd4 Qc7 23. Bf1 g5 24. Kd1 Ng6 25. Nf5 Kf8 26. Ba3+ Kg8 27. Bd6
Qc6 28. Be7 Rc8 29. Bxg5 Nc7 30. Nxg7 Nb5 31. Kd2 Nc3 32. Rd4 Qc5 33. Bh3
Rc6 34. b4 Qa7 35. Bd7 Nb5 36. Nf5 1-0

[Event "Coppa del Mondo FIDE 2025"]
[Site "Goa"]
[Date "05.11.2025"]
[Round "1B"]
[White "Piorun, Kacper"]
[Black "Wei, Yi"]
[Result "0-1"]
[WhiteElo "2557"]
[BlackElo "2754"]
[EventDate "2025.11.01"]
[EventType "k.o."]

1. d4 Nf6 2. c4 e6 3. Nc3 Bb4 4. e3 O-O 5. Bd3 c5 6. a3 cxd4 7. axb4 dxc3
8. bxc3 d6 9. Nf3 e5 10. e4 Qc7 11. Bg5 Nbd7 12. Nd2 h6 13. Be3 Nb6 14.
Bxb6 Qxb6 15. O-O Be6 16. Ra5 Rac8 17. Qe2 Bg4 18. Qe1 Be6 19. Qe2 Bg4 20.
Qe1 Nd7 21. Qa1 a6 22. c5 dxc5 23. b5 Qg6 24. Re1 axb5 25. Bxb5 Nf6 26. Bf1
Be6 27. Nf3 Nxe4 28. Bd3 f5 29. Nxe5 Qf6 30. f4 g5 31. Qc1 Rcd8 32. Bxe4
fxe4 33. Rxe4 gxf4 34. Rxc5 Bd5 35. Re1 Qb6 36. Qa3 f3 37. gxf3 Rc8 38. Kh1
Qxc5 39. Rg1+ Kh7 0-1

[Event "Coppa del Mondo FIDE 2025"]
[Site "Goa"]
[Date "05.11.2025"]
[Round "1B"]
[White "Abdusattorov, Nodirbek"]
[Black "Makhnev, Denis"]
[Result "1/2-1/2"]
[WhiteElo "2750"]
[BlackElo "2525"]
[EventDate "2025.11.01"]
[EventType "k.o."]

1. e4 e5 2. Nf3 Nc6 3. Bc4 Bc5 4. c3 Nf6 5. d3 a5 6. O-O d6 7. Re1 h6 8.
Nbd2 O-O 9. h3 a4 10. Nf1 Bd7 11. Bb5 Ne7 12. Bxd7 Nxd7 13. d4 Bb6 14. Qe2
f5 15. dxe5 fxe4 16. exd6 exf3 17. Qe6+ Rf7 18. dxe7 Qe8 19. Ng3 fxg2 20.
Re2 Nf6 21. Bf4 Qc6 22. Rd1 Re8 23. Qxc6 bxc6 24. c4 Rfxe7 25. Rxe7 Rxe7
26. Kxg2 Kf7 27. Rd3 Rd7 28. Rf3 Ke6 29. Be3 Bd4 30. b3 axb3 31. axb3 Be5
32. Bc5 Bxg3 33. Rxg3 g5 34. Re3+ 1/2-1/2

[Event "Coppa del Mondo FIDE 2025"]
[Site "Goa"]
[Date "05.11.2025"]
[Round "1B"]
[White "Kantor, Gergely"]
[Black "Mamedyarov, Shakhriyar"]
[Result "1-0"]
[WhiteElo "2559"]
[BlackElo "2742"]
[EventDate "2025.11.01"]
[EventType "k.o."]

1. e4 e5 2. Nf3 Nc6 3. Bb5 a6 4. Ba4 Nf6 5. d3 b5 6. Bb3 Bc5 7. c3 d6 8.
Bg5 h6 9. Bh4 Bb6 10. a4 Rb8 11. axb5 axb5 12. Na3 Bd7 13. O-O Na5 14. Ba2
b4 15. Nc4 Nxc4 16. Bxc4 bxc3 17. bxc3 Qe7 18. d4 exd4 19. Re1 O-O 20. cxd4
Be6 21. Bf1 Rfd8 22. Qc1 Qf8 23. e5 dxe5 24. dxe5 Nd5 25. Bxd8 Rxd8 26. h3
Kh8 27. Rd1 g5 28. Qc6 Kg7 29. Nd4 Nf4 30. Nxe6+ fxe6 31. Rd7+ Rxd7 32.
Qxd7+ Qf7 33. Qxf7+ Kxf7 34. Rd1 Ng6 35. Rd7+ Kf8 36. Rh7 g4 37. g3 Nxe5
38. Rxh6 Nf3+ 39. Kg2 Kg7 40. Rxe6 Ng5 41. Re2 1-0

[Event "Coppa del Mondo FIDE 2025"]
[Site "Goa"]
[Date "05.11.2025"]
[Round "1B"]
[White "Niemann, Hans Moke"]
[Black "Lodici, Lorenzo"]
[Result "1/2-1/2"]
[WhiteElo "2738"]
[BlackElo "2560"]
[EventDate "2025.11.01"]
[EventType "k.o."]

1. e4 e6 2. d4 d5 3. Nc3 Nf6 4. e5 Nfd7 5. f4 c5 6. Nf3 Nc6 7. Be3 a6 8.
Qd2 b5 9. Be2 Be7 10. O-O O-O 11. Nd1 b4 12. c3 a5 13. Rc1 Ba6 14. dxc5
Bxc5 15. cxb4 Bxe3+ 16. Nxe3 Bxe2 17. Qxe2 Nxb4 18. a3 Na6 19. Rc6 Nac5 20.
Rc1 Ne4 21. Nd4 Nb8 22. Rxe6 fxe6 23. Nxe6 Qd7 24. Nxf8 Kxf8 25. Rd1 Nc6
26. Rxd5 Qa7 27. Qf3 Ne7 28. Rd3 Nc5 29. Rd6 Rc8 30. h3 Qb8 31. Nd5 Qb7 32.
Kh2 Nf5 33. Rb6 Nd4 34. Qg4 h5 35. Rxb7 hxg4 36. Rb6 Na4 37. Rb7 Nc5 38.
Rb6 Na4 39. Rb7 1/2-1/2

[Event "Coppa del Mondo FIDE 2025"]
[Site "Goa"]
[Date "05.11.2025"]
[Round "1B"]
[White "Ganguly, Surya Shekhar"]
[Black "Vachier-Lagrave, Maxime"]
[Result "1/2-1/2"]
[WhiteElo "2573"]
[BlackElo "2737"]
[EventDate "2025.11.01"]
[EventType "k.o."]

1. e4 c5 2. Nf3 d6 3. d4 cxd4 4. Nxd4 Nf6 5. Nc3 a6 6. Be3 e5 7. Nb3 Be6 8.
Qd2 Nbd7 9. O-O-O Be7 10. h3 b5 11. f4 O-O 12. f5 Bxb3 13. cxb3 b4 14. Nd5
Nxe4 15. Qxb4 Ng3 16. Rg1 Nxf5 17. Bf2 Nf6 18. Nxe7+ Qxe7 19. g4 a5 20. Qa4
Rfc8+ 21. Kb1 Qc7 22. Qc4 Qb7 23. Bg2 d5 24. Bxd5 Qe7 25. Bxa8 Rxc4 26.
bxc4 Nd4 27. Rge1 Ne6 28. Rxe5 Qc7 29. Ree1 Qxc4 30. g5 Qc8 31. gxf6 Qxa8
32. Bb6 Qc6 33. Bxa5 g5 34. h4 gxh4 35. Rg1+ Kh8 36. Rc1 Qe4+ 37. Ka1 h5
38. Rce1 Qd5 39. Bc3 h3 40. Rh1 Ng5 41. Rd1 Qf5 42. Rdg1 Qd5 43. a3 Nf3 44.
Rd1 1/2-1/2

[Event "Coppa del Mondo FIDE 2025"]
[Site "Goa"]
[Date "05.11.2025"]
[Round "1B"]
[White "Nepomniachtchi, Ian"]
[Black "Ghosh, Diptayan"]
[Result "0-1"]
[WhiteElo "2732"]
[BlackElo "2573"]
[EventDate "2025.11.01"]
[EventType "k.o."]

1. e4 e5 2. Nf3 Nc6 3. Bb5 a6 4. Ba4 Nf6 5. O-O Be7 6. Re1 b5 7. Bb3 O-O 8.
a4 b4 9. d4 d6 10. dxe5 Nxe5 11. Nbd2 a5 12. Nxe5 dxe5 13. Qe2 Bc5 14. Nf3
Qe7 15. h3 Ba6 16. Qd1 Rad8 17. Nd2 Bd4 18. Qf3 Bxb2 19. Bxb2 Rxd2 20. Qe3
Rdd8 21. f4 exf4 22. Qxf4 c5 23. Bd5 Nxd5 24. exd5 Qd6 25. Qg4 Qg6 26. Qxg6
hxg6 27. Rad1 Rd7 28. d6 Rfd8 29. Be5 Bb7 30. Bg3 Bc6 31. Ra1 f6 32. Kf2
Kf7 33. h4 c4 34. Red1 Re8 35. Bf4 c3 36. g3 Re6 37. Rd4 g5 38. hxg5 fxg5
39. Bxg5 Rdxd6 40. Rc4 Rd5 41. Be3 Rde5 42. Rf1 Kg8 43. g4 Rxe3 44. Rxc6
Re2+ 45. Kf3 Rxc6 46. Kxe2 Rd6 0-1

[Event "Coppa del Mondo FIDE 2025"]
[Site "Goa"]
[Date "05.11.2025"]
[Round "1B"]
[White "Jobava, Baadur"]
[Black "Le, Quang Liem"]
[Result "0-1"]
[WhiteElo "2573"]
[BlackElo "2729"]
[EventDate "2025.11.01"]
[EventType "k.o."]

1. e4 e5 2. Nf3 Nc6 3. d4 exd4 4. Nxd4 Qf6 5. Nf5 Bb4+ 6. c3 Bc5 7. Be3 d6
8. Bxc5 Bxf5 9. exf5 dxc5 10. Bb5 Ne7 11. O-O O-O 12. Qf3 Ne5 13. Qxb7 Rab8
14. Qa6 c6 15. Be2 Rxb2 16. f4 Nd7 17. Bf3 Nxf5 18. Na3 Qxc3 19. Qxc6 Nf6
20. Nb5 Qb4 21. Nxa7 Nd4 22. Qd6 Qd2 0-1

[Event "Coppa del Mondo FIDE 2025"]
[Site "Goa"]
[Date "05.11.2025"]
[Round "1B"]
[White "Rapport, Richard"]
[Black "Supi, Luis Paulo"]
[Result "1-0"]
[WhiteElo "2724"]
[BlackElo "2575"]
[EventDate "2025.11.01"]
[EventType "k.o."]

1. e4 c5 2. c3 d5 3. exd5 Qxd5 4. Nf3 Nf6 5. d4 e6 6. Na3 a6 7. Nc4 Nbd7 8.
Be2 b5 9. Na5 Bd6 10. c4 bxc4 11. Nxc4 O-O 12. Nxd6 Qxd6 13. O-O a5 14. Be3
cxd4 15. Bxd4 Nd5 16. Rc1 Ba6 17. Bxa6 Qxa6 18. Qa4 Qb7 19. Rc2 Rfc8 20.
Rfc1 Rxc2 21. Qxc2 f6 22. Qe4 Ra6 23. Rc4 Rd6 24. h4 e5 25. Bc5 Ra6 26. Be3
Ra8 27. Rc7 1-0

[Event "Coppa del Mondo FIDE 2025"]
[Site "Goa"]
[Date "05.11.2025"]
[Round "1B"]
[White "Aronyak, Ghosh"]
[Black "Aronian, Levon"]
[Result "1/2-1/2"]
[WhiteElo "2514"]
[BlackElo "2722"]
[EventDate "2025.11.01"]
[EventType "k.o."]

1. d4 d5 2. c4 e6 3. Nc3 Nf6 4. cxd5 exd5 5. Bg5 Be7 6. e3 h6 7. Bh4 O-O 8.
Bd3 c6 9. Nge2 Nbd7 10. O-O Re8 11. Qc2 Nh5 12. Bxe7 Qxe7 13. Rae1 Nf8 14.
Qd2 Bd7 15. Nc1 Rad8 16. Nb3 Bc8 17. f3 Ne6 18. Qf2 Nf6 19. Rd1 b6 20. Rfe1
c5 21. dxc5 bxc5 22. e4 dxe4 23. Bxe4 Rxd1 24. Rxd1 c4 25. Nd4 Nxe4 26.
Nxe4 Rd8 27. Rd2 Nxd4 28. Rxd4 Bf5 29. Rxd8+ Qxd8 30. Nc3 Qg5 31. h4 Qc1+
32. Kh2 a6 33. a3 Qf4+ 34. Kg1 Qc1+ 35. Kh2 Qf4+ 1/2-1/2

[Event "Coppa del Mondo FIDE 2025"]
[Site "Goa"]
[Date "05.11.2025"]
[Round "1B"]
[White "Sindarov, Javokhir"]
[Black "Petrov, Nikita"]
[Result "1/2-1/2"]
[WhiteElo "2721"]
[BlackElo "2576"]
[EventDate "2025.11.01"]
[EventType "k.o."]

1. e4 c5 2. Nf3 d6 3. d4 cxd4 4. Nxd4 Nf6 5. Nc3 Nc6 6. Bg5 e6 7. Qd2 Be7
8. O-O-O a6 9. Nxc6 bxc6 10. h4 h6 11. Bxf6 gxf6 12. Rh3 Qa5 13. Bc4 Bb7
14. Qe2 d5 15. Bb3 Qc7 16. Qg4 Kf8 17. exd5 cxd5 18. Nxd5 Bxd5 19. Bxd5
exd5 20. Rg3 Bd6 21. Qg7+ Ke7 22. Re1+ Be5 23. Rf3 Rac8 24. c3 Kd7 25. Rxf6
Bxf6 26. Qxf7+ Kc6 27. Qxf6+ Kb5 28. a4+ Ka5 29. Re6 Qc4 30. Rxa6+ Qxa6 31.
b4+ Kxa4 32. Qxa6+ Kb3 33. Kd2 1/2-1/2

[Event "Coppa del Mondo FIDE 2025"]
[Site "Goa"]
[Date "05.11.2025"]
[Round "1B"]
[White "Blohberger, Felix"]
[Black "Yu, Yangyi"]
[Result "1/2-1/2"]
[WhiteElo "2513"]
[BlackElo "2720"]
[EventDate "2025.11.01"]
[EventType "k.o."]

1. e4 e5 2. Nf3 Nc6 3. Bb5 a6 4. Ba4 Nf6 5. O-O Be7 6. Re1 b5 7. Bb3 O-O 8.
a4 b4 9. d4 d6 10. dxe5 dxe5 11. Nbd2 Bc5 12. Qe2 h6 13. h3 Qe7 14. a5 Rd8
15. c3 Be6 16. Bc2 bxc3 17. bxc3 Nh5 18. Nf1 Qf6 19. Bd3 Ne7 20. Bc4 Ng6
21. Bxe6 Qxe6 22. Qa2 Qxa2 23. Rxa2 Rd3 24. Rc2 Rb8 25. Be3 Rb5 26. Ra1
Bxe3 27. Nxe3 Nhf4 28. Kf1 Rb3 29. Nd1 f6 30. Rd2 Rb8 31. Rxd3 Nxd3 32. g3
Ne7 33. Nd2 Nc5 34. Ne3 Rb5 35. Nec4 Nc6 36. Ra3 Kf7 37. Ke2 g5 38. Kd1 h5
39. Kc2 Ke6 40. Ra1 Rb8 41. Ne3 Ne7 42. Rf1 Rb5 43. Ra1 Rb8 44. Rf1 f5 45.
exf5+ Nxf5 46. g4 Nxe3+ 47. fxe3 hxg4 48. hxg4 Rh8 49. Rf5 Rh2 50. Kd1 Rh1+
51. Kc2 Rh2 52. Kd1 Rh1+ 53. Kc2 Rh2 1/2-1/2

[Event "Coppa del Mondo FIDE 2025"]
[Site "Goa"]
[Date "05.11.2025"]
[Round "1B"]
[White "Fedoseev, Vladimir"]
[Black "Fier, Alexandr"]
[Result "1/2-1/2"]
[WhiteElo "2720"]
[BlackElo "2577"]
[EventDate "2025.11.01"]
[EventType "k.o."]

1. d4 d5 2. c4 e6 3. Nc3 c5 4. e3 Nf6 5. cxd5 exd5 6. Bb5+ Nc6 7. Nf3 cxd4
8. Nxd4 Bd7 9. O-O Bd6 10. Nf3 Bg4 11. h3 Bh5 12. b3 O-O 13. Be2 a6 14. Bb2
Bc7 15. Ba3 Re8 16. Rc1 Rc8 17. Nd4 Nxd4 18. Bxh5 Ne6 19. Bf3 d4 20. Ne4
Nxe4 21. Bxe4 dxe3 22. fxe3 Qg5 23. Bxb7 Qxe3+ 24. Kh1 Rb8 25. Rxc7 Nxc7
26. Qd7 Ne6 27. Qxf7+ Kh8 28. Bxa6 Ng5 29. Qf4 Qxf4 30. Rxf4 Ra8 31. Ra4
Re4 32. Bb5 Raxa4 33. bxa4 h5 34. Kh2 Ne6 35. Bd6 Nd4 36. a3 h4 37. Bc5
Nxb5 38. axb5 Re5 39. Bf2 Rxb5 1/2-1/2

[Event "Coppa del Mondo FIDE 2025"]
[Site "Goa"]
[Date "05.11.2025"]
[Round "1B"]
[White "Oro, Faustino"]
[Black "Vidit, Santosh Gujrathi"]
[Result "1/2-1/2"]
[WhiteElo "2509"]
[BlackElo "2716"]
[EventDate "2025.11.01"]
[EventType "k.o."]

1. e4 e5 2. Nf3 Nc6 3. Bb5 Nf6 4. O-O Nxe4 5. Re1 Nd6 6. Nxe5 Be7 7. Bf1
Nxe5 8. Rxe5 O-O 9. Nc3 Bf6 10. Re1 Re8 11. Nd5 Rxe1 12. Qxe1 b6 13. d3 Bb7
14. Nxf6+ Qxf6 15. Qb4 c5 16. Qf4 Nf5 17. c3 h6 18. Bd2 Re8 19. Re1 Rxe1
20. Bxe1 Bc6 21. f3 d6 22. Bf2 Qe6 23. b3 g5 24. Qg4 Ng7 25. Qxe6 Nxe6 26.
Be3 f5 27. Kf2 f4 28. Bc1 Kf7 29. g3 Kf6 30. Bh3 d5 31. d4 cxd4 32. cxd4
Bb5 33. Bxe6 fxg3+ 34. hxg3 Kxe6 1/2-1/2

[Event "Coppa del Mondo FIDE 2025"]
[Site "Goa"]
[Date "05.11.2025"]
[Round "1B"]
[White "Aravindh, Chithambaram Vr."]
[Black "Karthik, Venkataraman"]
[Result "0-1"]
[WhiteElo "2711"]
[BlackElo "2579"]
[EventDate "2025.11.01"]
[EventType "k.o."]

1. Nf3 d5 2. g3 c6 3. Bg2 Bf5 4. O-O e6 5. d3 h6 6. c4 dxc4 7. dxc4 Qxd1 8.
Rxd1 Nf6 9. Bf4 Nbd7 10. Nc3 g5 11. Be3 Ng4 12. Bd2 Bc2 13. Rdc1 Bg6 14. h4
Nge5 15. Nxe5 Nxe5 16. Ne4 Bxe4 17. Bxe4 f5 18. Bc2 Rg8 19. hxg5 hxg5 20.
c5 Rd8 21. Ba5 Rd7 22. Bb3 Rg6 23. Kg2 Bg7 24. Rh1 Ke7 25. f3 Nf7 26. Rab1
Bd4 27. Bb4 Be3 28. Rh7 Rh6 29. Rxh6 Nxh6 30. Rh1 Nf7 31. Bc2 Rd5 32. g4
Bd2 33. Ba3 fxg4 34. fxg4 Rd4 35. Kg3 Bf4+ 36. Kf2 Be5 37. Bg6 Rxg4 38. Rh7
Rf4+ 39. Kg2 Kf8 40. b3 Rg4+ 41. Kf3 Rf4+ 42. Kg2 Rf6 43. Bd3 Bd4 44. b4 a6
45. Rh1 Ne5 46. Rh8+ Ke7 47. Rh7+ Rf7 48. Bc1 Nxd3 49. Bxg5+ Ke8 50. Rxf7
Ne1+ 51. Kf1 Kxf7 52. Kxe1 Kg6 53. Bd2 Kf5 54. Kd1 Ke4 55. Kc2 Be3 56. Bc3
Bf4 57. a3 Bg5 58. Bb2 Bh4 59. Bc3 Bf2 60. Bd2 Kd4 61. Kb3 Bg3 62. Bg5 e5
63. Kc2 Kc4 64. Bd8 e4 65. Kb2 Bf4 66. Kc2 Bh6 67. Bc7 Bg5 68. Kb2 Kd4 69.
Kc2 Ke3 70. Kd1 Bf6 71. Bh2 Bb2 72. Bg1+ Kf4 73. Kd2 Bxa3 74. Bh2+ Kf5 75.
Kc3 Bc1 76. Bd6 Bg5 77. Kc4 Bf6 78. Bg3 Kg4 79. Bf2 Kf4 80. Bd4 Bh4 81. Kc3
Be1+ 82. Kc4 Bd2 83. Bf2 Be3 84. Bh4 Kg4 85. Be1 Kh3 86. Kb3 Kg2 87. Kc2
Kf1 88. Kd1 Bd4 89. Bd2 Bf6 0-1

[Event "Coppa del Mondo FIDE 2025"]
[Site "Goa"]
[Date "05.11.2025"]
[Round "1B"]
[White "Warmerdam, Max"]
[Black "Liang, Awonder"]
[Result "0-1"]
[WhiteElo "2582"]
[BlackElo "2710"]
[EventDate "2025.11.01"]
[EventType "k.o."]

1. e4 e5 2. Nf3 Nc6 3. Bc4 Bc5 4. c3 Nf6 5. d3 d6 6. Bg5 h6 7. Bh4 a6 8.
Nbd2 Ba7 9. O-O g5 10. Bg3 Bg4 11. Kh1 O-O 12. b4 Ne7 13. h3 Bh5 14. Rb1
Ng6 15. b5 a5 16. Qc2 Kh8 17. d4 Qe7 18. Rfe1 Rae8 19. dxe5 dxe5 20. Bd5
Rb8 21. c4 Bc5 22. Nh2 Nf4 23. f3 Bg6 24. Nb3 Bb4 25. Red1 Rfc8 26. a3 a4
27. axb4 axb3 28. Qxb3 c6 29. bxc6 bxc6 30. Bxc6 Rxc6 31. b5 Qc7 32. Bf2
Rxc4 33. b6 Qc6 34. Qb2 Rxe4 35. Rbc1 Re2 36. Qa3 Rc2 37. Bc5 Rxc1 38. Rxc1
Nd3 39. Bd6 Qxb6 0-1

[Event "Coppa del Mondo FIDE 2025"]
[Site "Goa"]
[Date "05.11.2025"]
[Round "1B"]
[White "Nihal, Sarin"]
[Black "Kourkoulos-Arditis, Stamatis"]
[Result "1/2-1/2"]
[WhiteElo "2700"]
[BlackElo "2583"]
[EventDate "2025.11.01"]
[EventType "k.o."]

1. d4 Nf6 2. Nf3 d5 3. c4 e6 4. Nc3 Be7 5. cxd5 exd5 6. Bf4 c6 7. h3 Bf5 8.
e3 Qb6 9. Bd3 Bxd3 10. Qxd3 Nbd7 11. O-O O-O 12. Qc2 a5 13. Rfd1 Rfe8 14.
Rac1 Bf8 15. Ne1 Ne4 16. Na4 Qd8 17. Nd3 Bd6 18. Re1 Bxf4 19. exf4 Qf6 20.
Rcd1 Nf8 21. Nac5 Nd6 22. Re5 Ng6 23. g3 Nb5 24. Rxe8+ Rxe8 25. Ne5 Qe7 26.
a4 Nd6 27. Kg2 Nf8 28. Re1 f6 29. Nf3 Qd8 30. Rb1 Ne6 31. f5 Nf8 32. b4
axb4 33. Rxb4 Re7 34. Qb3 Qc8 35. a5 Nb5 36. Qc2 Nd6 37. Qb3 Nb5 38. Nh4
Qe8 39. Nd3 Re2 40. Nf4 Qe4+ 41. Nf3 Rc2 42. Rxb5 cxb5 43. Nxd5 Kh8 44. Nc3
Qxf5 45. Nxb5 Re2 46. Qf7 Nd7 47. Nc7 g5 48. g4 Rxf2+ 49. Kxf2 Qc2+ 50. Ke3
Qc3+ 51. Ke2 Qxc7 52. Qe8+ Kg7 53. Qe7+ Kg8 54. Qe6+ Kg7 55. Qe7+ Kg8 56.
Nd2 Qh2+ 57. Kd1 Qg1+ 58. Kc2 Qxd4 59. Ne4 Qa4+ 60. Kc1 Qa1+ 61. Kc2 Qa4+
62. Kc1 Qa1+ 63. Kc2 Qa4+ 1/2-1/2

[Event "Coppa del Mondo FIDE 2025"]
[Site "Goa"]
[Date "05.11.2025"]
[Round "1B"]
[White "Tin, Jingyao"]
[Black "Sevian, Samuel"]
[Result "1/2-1/2"]
[WhiteElo "2583"]
[BlackElo "2698"]
[EventDate "2025.11.01"]
[EventType "k.o."]

1. d4 Nf6 2. c4 e6 3. Nc3 Bb4 4. Qc2 d5 5. a3 Bxc3+ 6. Qxc3 O-O 7. e3 b6 8.
Nf3 Bb7 9. b3 c5 10. dxc5 Nbd7 11. cxb6 Ne4 12. Qb2 Nxb6 13. c5 Nxc5 14.
Be2 a5 15. a4 Nbd7 16. O-O Qb6 17. Nd4 Ne4 18. Bd2 Nxd2 19. Qxd2 Nc5 20.
Qb2 Qb4 21. Rfc1 Rfc8 22. Bb5 g6 23. f3 e5 24. Nc2 Qh4 25. b4 axb4 26. Nxb4
Qg5 27. Re1 d4 28. exd4 exd4 29. Kh1 Rd8 30. Red1 h5 31. Nd3 Ne6 1/2-1/2